[Event "Tarragona-chA"]
[Site "Tarragona"]
[Date "2017.11.12"]
[Round "7"]
[White "Girona Masdeu, Gabriel"]
[Black "Chavarria Ferre, Josep"]
[Result "0-1"]
[WhiteElo "1898"]
[BlackElo "1988"]
[PlyCount "96"]
[EventDate "2017.10.08"]
[EventType "swiss"]
[EventRounds "9"]
[EventCountry "ESP"]
[SourceTitle "CBM 181 Extra"]
[Source "ChessBase"]
[SourceDate "2017.12.12"]
[SourceVersion "1"]
[SourceVersionDate "2017.12.12"]
[SourceQuality "1"]

1. e4 g6 2. Nf3 Bg7 3. g3 d6 4. Bg2 c5 5. 0-0 Nc6 6. d3 Nf6 7. c3 0-0 8. Re1 e5 9. Nbd2 d5 10. a3 d4 11. c4 Bh6 12. Rb1 a5 13. Nb3 Bxc1 14. Qxc1 b6 15. Nbd2 Kg7 16. Nf1 Qd6 17. h4 Bd7 18. N1h2 Rae8 19. Ng5 Qc7 20. Rf1 h6 21. Ngf3 Nh5 22. Nd2 Qc8 23. Qd1 Bh3 24. Qe2 Bxg2 25. Kxg2 Kh7 26. Rbe1 Ng7 27. g4 Ne6 28. Qf3 Nf4+ 29. Kh1 Qb7 30. Rg1 a4 31. Nhf1 Na5 32. Ng3 b5 33. Ne2 Nxe2 34. Qxe2 bxc4 35. Nxc4 Nxc4 36. dxc4 Rb8 37. Rb1 Qe7 38. g5 Rb3 39. Rg3 Rfb8 40. Rxb3 Rxb3 41. Qg4 h5 42. Qc8 Qb7 43. Qxb7 Rxb7 44. Kg2 Rb3 45. f3 Kg7 46. Kf2 f6 47. gxf6+ Kxf6 48. Ke2 g5 0-1

[Event "Tarragona-chA"]
[Site "Tarragona"]
[Date "2017.10.15"]
[Round "2"]
[White "Sanchez Gilabert, Andrea"]
[Black "Girona Masdeu, Gabriel"]
[Result "1-0"]
[WhiteElo "1473"]
[BlackElo "1898"]
[PlyCount "90"]
[EventDate "2017.10.08"]
[EventType "swiss"]
[EventRounds "9"]
[EventCountry "ESP"]
[SourceTitle "CBM 181 Extra"]
[Source "ChessBase"]
[SourceDate "2017.12.12"]
[SourceVersion "1"]
[SourceVersionDate "2017.12.12"]
[SourceQuality "1"]

1. d4 d6 2. c4 g6 3. Nf3 Nf6 4. Nc3 Bg7 5. e4 0-0 6. h3 e5 7. d5 a5 8. g4 Na6 9. Be3 b6 10. Qe2 Bd7 11. Nd2 Nc5 12. Bg2 Na4 13. Nxa4 Bxa4 14. b3 Bd7 15. 0-0 Qc8 16. Rac1 h5 17. g5 Ne8 18. Kh2 Qd8 19. f4 exf4 20. Bxf4 Qe7 21. Nf3 Rd8 22. Rce1 f5 23. gxf6 Bxf6 24. e5 dxe5 25. Nxe5 Bf5 26. Nc6 Qxe2 27. Rxe2 Rd7 28. Rfe1 Ng7 29. Be4 Re8 30. Bxf5 Rxe2+ 31. Rxe2 Nxf5 32. Re8+ Kg7 33. Re6 g5 34. Bc1 g4 35. hxg4 hxg4 36. Kg2 Rd6 37. Re4 g3 38. Rg4+ Kh7 39. Bf4 Rd7 40. Kh3 Kh8 41. Kg2 Rh7 42. Kf3 Bh4 43. Be5+ Ng7 44. Bxg7+ Rxg7 45. Rxh4+ Kg8 1-0

[Event "Amposta Calbet Memorial"]
[Site "Amposta"]
[Date "2016.05.14"]
[Round "5"]
[White "Girona Masdeu, Gabriel"]
[Black "Cases Arasa, Jordi"]
[Result "1-0"]
[WhiteElo "1915"]
[BlackElo "1835"]
[PlyCount "97"]
[EventDate "2016.04.16"]
[EventType "swiss"]
[EventRounds "8"]
[EventCountry "ESP"]
[SourceTitle "CBM 172 Extra"]
[Source "ChessBase"]
[SourceDate "2016.06.21"]
[SourceVersion "1"]
[SourceVersionDate "2016.06.21"]
[SourceQuality "1"]

1. Nf3 Nf6 2. c4 e6 3. d4 b6 4. g3 Bb7 5. Bg2 Be7 6. 0-0 0-0 7. b3 d6 8. Bb2 Nbd7 9. Nbd2 c5 10. e3 Qc7 11. Qc2 a6 12. Rac1 cxd4 13. exd4 Rac8 14. Rfe1 Qb8 15. Qb1 Qa8 16. h3 Ne8 17. a3 Bf6 18. b4 g6 19. Ne4 Bg7 20. Qd3 Ndf6 21. Nfd2 Qa7 22. Kh2 Nxe4 23. Nxe4 d5 24. cxd5 Rxc1 25. Rxc1 Bxd5 26. b5 a5 27. a4 Bxe4 28. Qxe4 Nf6 29. Qf4 Qb8 30. Qxb8 Rxb8 31. Rc6 Bf8 32. f4 h5 33. Bf3 Nd5 34. Bxd5 exd5 35. Kg2 Kg7 36. Kf3 Bb4 37. Bc1 Kf8 38. g4 hxg4+ 39. hxg4 Rb7 40. f5 gxf5 41. gxf5 Kg7 42. Bh6+ Kh7 43. Bf4 Bf8 44. Bc7 Kg7 45. Bxb6 Bb4 46. Bc7 Ra7 47. Be5+ Kh7 48. Rc8 f6 49. Bxf6 1-0